[Event "Niedersachsen-ch U16"]
[Site "Rotenburg/Wuemme"]
[Date "2007.04.02"]
[Round "4"]
[White "Maetzig, Lara Annabelle"]
[Black "Bohn, Dennis"]
[Result "0-1"]
[WhiteElo "1448"]
[BlackElo "1352"]
[PlyCount "119"]
[EventDate "2007.03.31"]
[EventType "swiss"]
[EventRounds "9"]
[EventCountry "GER"]
[SourceTitle "EXT 2008"]
[Source "ChessBase"]
[SourceDate "2007.11.25"]
[SourceVersion "1"]
[SourceVersionDate "2007.11.25"]
[SourceQuality "1"]

1. e4 e6 2. Qe2 e5 3. Nf3 Nc6 4. g3 Bc5 5. Bg2 d6 6. d3 Bg4 7. Be3 Qd7 8. Nbd2 Nge7 9. Nb3 Bb6 10. Bxb6 axb6 11. c3 0-0 12. 0-0 f5 13. exf5 Qxf5 14. Nbd2 Rf6 15. Qe3 Raf8 16. Ne1 Qh5 17. Nc2 Bh3 18. Qe4 Rg6 19. Bxh3 Qxh3 20. Qg2 Qg4 21. Qe4 Rf4 22. Qg2 Nf5 23. Ne3 Qg5 24. gxf4 Qxf4 25. Qxg6 hxg6 26. Kh1 Nxe3 27. fxe3 Qxe3 28. Nb3 Qxd3 29. Rg1 Qe4+ 30. Rg2 Ne7 31. Kg1 Qf3 32. Rf1 Qd3 33. Rgf2 Nf5 34. Nc1 Qc4 35. a3 Qg4+ 36. Kh1 Qh5 37. Ne2 c5 38. Rg1 d5 39. Ng3 Nxg3+ 40. Rxg3 Qd1+ 41. Kg2 d4 42. cxd4 exd4 43. Rxg6 d3 44. Rd6 Qg4+ 45. Kf1 Qe4 46. Kg1 Qe3 47. Kg2 c4 48. Rf3 Qc5 49. Rd8+ Kh7 50. Rh3+ Kg6 51. Rg3+ Kf6 52. Rf8+ Qxf8 53. Rf3+ Ke7 54. Rxf8 Kxf8 55. Kf3 Ke7 56. Ke3 Kd6 57. Kd2 Kd5 58. Kc3 Ke4 59. Kd2 b5 60. Ke1 0-1

[Event "Hannover-ch U16"]
[Site "Lehrte"]
[Date "2006.10.15"]
[Round "4"]
[White "Maetzig, Lara Annabelle"]
[Black "Baars, Lasse"]
[Result "1-0"]
[WhiteElo "1407"]
[BlackElo "995"]
[PlyCount "35"]
[EventDate "2006.10.14"]
[EventType "swiss"]
[EventRounds "7"]
[EventCountry "GER"]
[SourceTitle "EXT 2021"]
[Source "ChessBase"]
[SourceDate "2020.10.23"]
[SourceVersion "1"]
[SourceVersionDate "2020.10.23"]
[SourceQuality "1"]

1. e4 e5 2. Nf3 Nc6 3. Nc3 Nf6 4. Bc4 Bc5 5. d3 0-0 6. Bg5 d6 7. Nd5 Bg4 8. h3 Bh5 9. g4 Bg6 10. h4 h6 11. Nxf6+ gxf6 12. Bxh6 Re8 13. h5 Bh7 14. Qd2 Qe7 15. g5 f5 16. g6 Kh8 17. Bxf7 Bxg6 18. hxg6 1-0

[Event "Hannover-ch U16"]
[Site "Lehrte"]
[Date "2006.10.15"]
[Round "3"]
[White "Tenninger, Marc"]
[Black "Maetzig, Lara Annabelle"]
[Result "0-1"]
[WhiteElo "1552"]
[BlackElo "1407"]
[PlyCount "126"]
[EventDate "2006.10.14"]
[EventType "swiss"]
[EventRounds "7"]
[EventCountry "GER"]
[SourceTitle "EXT 2021"]
[Source "ChessBase"]
[SourceDate "2020.10.23"]
[SourceVersion "1"]
[SourceVersionDate "2020.10.23"]
[SourceQuality "1"]

1. c4 c6 2. d4 d5 3. Nf3 Bf5 4. e3 e6 5. Nc3 Bb4 6. Bd2 Nf6 7. a3 Bxc3 8. Bxc3 0-0 9. Bd3 Bxd3 10. Qxd3 Ne4 11. 0-0 Nd7 12. Nd2 Nxd2 13. Bxd2 Re8 14. cxd5 cxd5 15. Rac1 Qb6 16. Rc2 Rac8 17. Rfc1 Rxc2 18. Qxc2 Nf6 19. b4 Re7 20. Qc5 Qxc5 21. bxc5 Rc7 22. Kf1 Ne4 23. Ke2 f6 24. f3 Nxd2 25. Kxd2 Kf7 26. e4 Ke7 27. Kc3 Kd7 28. Kb4 Kc6 29. a4 Rd7 30. Kc3 Re7 31. Kd3 e5 32. Re1 g6 33. g3 Re8 34. f4 Rd8 35. exd5+ Rxd5 36. fxe5 fxe5 37. Rxe5 Rxe5 38. dxe5 Kxc5 39. Ke4 Kc6 40. Kd4 a6 41. e6 Kd6 42. a5 Kxe6 43. Kc5 Kd7 44. Kb6 Kc8 45. h3 g5 46. Kc5 Kc7 47. Kd5 b6 48. axb6+ Kxb6 49. Ke5 Kb5 50. Kf5 a5 51. Kxg5 a4 52. Kh6 a3 53. Kxh7 a2 54. h4 a1Q 55. h5 Qb1+ 56. Kg7 Qb2+ 57. Kg8 Qf6 58. Kh7 Kc6 59. h6 Kd7 60. g4 Ke7 61. g5 Qxg5 62. Kh8 Kf7 63. h7 Qg7# 0-1

[Event "Niedersachsen-ch U14"]
[Site "Rotenburg/Wuemme"]
[Date "2005.03.21"]
[Round "4"]
[White "Kickert, Germaine Helene"]
[Black "Maetzig, Lara Annabelle"]
[Result "1/2-1/2"]
[WhiteElo "1892"]
[BlackElo "1357"]
[PlyCount "85"]
[EventDate "2005.03.19"]
[EventType "swiss"]
[EventRounds "9"]
[EventCountry "GER"]
[SourceTitle "EXT 2007"]
[Source "ChessBase"]
[SourceDate "2006.11.23"]
[SourceVersion "1"]
[SourceVersionDate "2006.11.23"]
[SourceQuality "1"]

1. e4 e5 2. Nf3 Nc6 3. Bc4 Nf6 4. d3 h6 5. Nc3 Bc5 6. Be3 d6 7. Bxc5 dxc5 8. h3 Qe7 9. 0-0 Bd7 10. Nd5 Nxd5 11. exd5 Nd4 12. Nxe5 0-0-0 13. Re1 Qf6 14. c3 Nf5 15. Qf3 Rhf8 16. Re2 Qg5 17. Qg4 Nd4 18. Qxg5 Nxe2+ 19. Kf1 hxg5 20. Nxd7 Rxd7 21. Kxe2 Re7+ 22. Kf1 a6 23. Re1 Rfe8 24. Rxe7 Rxe7 25. Bb3 Kd7 26. Bd1 f6 27. Bg4+ Kd8 28. Be6 c6 29. Bg8 Kd7 30. Be6+ Kc7 31. Bg8 Kd6 32. c4 cxd5 33. Bxd5 b6 34. Be4 Ke5 35. g4 Kf4 36. a4 Rc7 37. Bf5 Re7 38. Bc8 a5 39. Bf5 Re8 40. Bg6 Rg8 41. Kg2 Rh8 42. Be4 Rg8 43. Bg6 1/2-1/2

[Event "Niedersachsen-ch U14"]
[Site "Rotenburg/Wuemme"]
[Date "2005.03.20"]
[Round "3"]
[White "Maetzig, Lara Annabelle"]
[Black "Kusmierek, Phillip"]
[Result "0-1"]
[WhiteElo "1357"]
[BlackElo "1610"]
[PlyCount "78"]
[EventDate "2005.03.19"]
[EventType "swiss"]
[EventRounds "9"]
[EventCountry "GER"]
[SourceTitle "EXT 2007"]
[Source "ChessBase"]
[SourceDate "2006.11.23"]
[SourceVersion "1"]
[SourceVersionDate "2006.11.23"]
[SourceQuality "1"]

1. e4 e6 2. d4 d5 3. Nc3 dxe4 4. Nxe4 Nd7 5. Nf3 Ngf6 6. Bg5 Be7 7. Bxf6 Nxf6 8. Bd3 0-0 9. Qe2 c6 10. h3 Qc7 11. Nxf6+ Bxf6 12. Qe4 g6 13. h4 Re8 14. h5 e5 15. Qe3 Bf5 16. 0-0-0 e4 17. Bxe4 Rxe4 18. Qd2 Qf4 19. hxg6 fxg6 20. Kb1 Qxd2 21. Rxd2 Bg4 22. Nh2 Bf5 23. Nf3 Rd8 24. Rhd1 Bg4 25. Rd3 Bxf3 26. Rxf3 Rdxd4 27. Rh1 Rf4 28. Rfh3 Rh4 29. Rxh4 Bxh4 30. g3 Bg5 31. b3 Rd2 32. Rf1 Kg7 33. Kb2 h5 34. Kc3 Rd5 35. Rh1 Bf6+ 36. Kc4 Rd2 37. Kb4 Rxc2 38. Rd1 Be7+ 39. Ka4 Rxa2# 0-1

[Event "GER-ch U12"]
[Site "Willingen"]
[Date "2004.06.04"]
[Round "11"]
[White "Maetzig, Lara Annabelle"]
[Black "Doering, Julia"]
[Result "1-0"]
[WhiteElo "1136"]
[BlackElo "1321"]
[PlyCount "45"]
[EventDate "2004.06.??"]
[EventType "swiss"]
[EventRounds "11"]
[EventCountry "GER"]
[SourceTitle "EXT 2005"]
[Source "ChessBase"]
[SourceDate "2004.11.15"]
[SourceVersion "1"]
[SourceVersionDate "2004.11.15"]
[SourceQuality "1"]

1. e4 c5 2. Nf3 d6 3. d4 cxd4 4. Nxd4 Nf6 5. Nc3 g6 6. Be3 Bg7 7. f3 Nc6 8. Qd2 0-0 9. 0-0-0 d5 10. Kb1 dxe4 11. Nxe4 Nxe4 12. fxe4 Qc7 13. Be2 a6 14. g4 Rd8 15. c3 e5 16. h4 exd4 17. cxd4 Qd7 18. h5 Re8 19. hxg6 fxg6 20. Bc4+ Kh8 21. Qh2 Bf6 22. e5 Bd8 23. Qxh7+ 1-0

[Event "GER-ch U12"]
[Site "Willingen"]
[Date "2004.06.02"]
[Round "7"]
[White "Maetzig, Lara Annabelle"]
[Black "Stognief, Ole"]
[Result "1-0"]
[WhiteElo "1136"]
[BlackElo "1292"]
[PlyCount "99"]
[EventDate "2004.06.??"]
[EventType "swiss"]
[EventRounds "11"]
[EventCountry "GER"]
[SourceTitle "EXT 2005"]
[Source "ChessBase"]
[SourceDate "2004.11.15"]
[SourceVersion "1"]
[SourceVersionDate "2004.11.15"]
[SourceQuality "1"]

1. e4 c6 2. d4 d5 3. Nc3 e6 4. Nf3 c5 5. dxc5 Bxc5 6. Bb5+ Bd7 7. Bxd7+ Nxd7 8. 0-0 Ngf6 9. Bg5 Qc7 10. Bxf6 Nxf6 11. Re1 0-0 12. Rb1 Rad8 13. Qe2 d4 14. Na4 Bb4 15. c3 dxc3 16. Nxc3 b6 17. Rbc1 e5 18. Nd5 Qd6 19. Nxb4 Qxb4 20. Rc7 Rd7 21. Rxd7 Nxd7 22. Rd1 Qe7 23. Qb5 Rd8 24. h3 f6 25. a3 Nc5 26. Qc4+ Kh8 27. Rc1 h6 28. Nh4 Kh7 29. Nf5 Qe6 30. Qe2 Rg8 31. Qe3 Qf7 32. Rd1 Qh5 33. Rd6 Qg5 34. Qe2 Qc1+ 35. Kh2 Qf4+ 36. Ng3 Rc8 37. Kg1 Qg5 38. Kh1 g6 39. Qf3 Rf8 40. Rc6 Rf7 41. b4 Nb7 42. Qb3 Kg7 43. Qc4 h5 44. Rc7 Nd6 45. Qc6 Ne8 46. Rc8 h4 47. Qxe8 hxg3 48. fxg3 Rb7 49. Qf8+ Kh7 50. Qh8# 1-0

[Event "GER-ch U12"]
[Site "Willingen"]
[Date "2004.06.01"]
[Round "6"]
[White "Thiele, Eileen"]
[Black "Maetzig, Lara Annabelle"]
[Result "1/2-1/2"]
[WhiteElo "894"]
[BlackElo "1136"]
[PlyCount "48"]
[EventDate "2004.06.??"]
[EventType "swiss"]
[EventRounds "11"]
[EventCountry "GER"]
[SourceTitle "EXT 2005"]
[Source "ChessBase"]
[SourceDate "2004.11.15"]
[SourceVersion "1"]
[SourceVersionDate "2004.11.15"]
[SourceQuality "1"]

1. e4 e5 2. Nf3 Nc6 3. Bc4 Bc5 4. Nc3 d6 5. d3 h6 6. h3 Nf6 7. 0-0 g5 8. Bd2 g4 9. hxg4 Bxg4 10. Be3 a6 11. a3 Qd7 12. Kh2 h5 13. Bg5 Nh7 14. Bh4 Nd4 15. Nd5 Rf8 16. Bg3 0-0-0 17. Bh4 f6 18. c3 Nxf3+ 19. gxf3 Be6 20. d4 Ba7 21. b4 c6 22. Ne3 Rde8 23. Qd3 Qg7 24. Rg1 Qd7 1/2-1/2

[Event "GER-ch U12"]
[Site "Willingen"]
[Date "2004.05.30"]
[Round "1"]
[White "Maetzig, Lara Annabelle"]
[Black "Specht, Christian"]
[Result "0-1"]
[WhiteElo "1136"]
[BlackElo "1471"]
[PlyCount "114"]
[EventDate "2004.06.??"]
[EventType "swiss"]
[EventRounds "11"]
[EventCountry "GER"]
[SourceTitle "EXT 2005"]
[Source "ChessBase"]
[SourceDate "2004.11.15"]
[SourceVersion "1"]
[SourceVersionDate "2004.11.15"]
[SourceQuality "1"]

1. e4 c5 2. Nf3 Nc6 3. d4 cxd4 4. Nxd4 Nf6 5. Nc3 e5 6. Nb3 Bb4 7. Bd3 d5 8. exd5 Nxd5 9. Bd2 0-0 10. Qf3 Nxc3 11. bxc3 Bd6 12. 0-0 Qh4 13. Qe4 Qxe4 14. Bxe4 Be6 15. Rab1 f5 16. Bxc6 bxc6 17. Rfd1 Bxb3 18. cxb3 Bc5 19. c4 Rad8 20. Bc3 Bd4 21. Bd2 Rd7 22. Ba5 Rf6 23. Re1 Rfd6 24. h3 c5 25. b4 Ra6 26. a3 e4 27. Rb3 Bf6 28. Kf1 Rd4 29. Rc1 Bg5 30. Rc2 Rd3 31. Rcc3 Rd1+ 32. Ke2 Rad6 33. Rc2 R1d3 34. Rbb2 Rxa3 35. bxc5 Rc6 36. Rb8+ Kf7 37. Rb7+ Kg6 38. Rxa7 Rxc5 39. Bb4 Rxc4 40. Rxc4 Rxa7 41. Rc6+ Bf6 42. Rc4 Ra4 43. Kd2 Kh5 44. g3 Be7 45. Kc3 Bxb4+ 46. Rxb4 Rxb4 47. Kxb4 Kg5 48. Kc3 f4 49. Kd4 fxg3 50. fxg3 Kf5 51. Ke3 Ke5 52. h4 h5 53. Kf2 Kd4 54. Ke2 e3 55. Ke1 Kd3 56. Kd1 e2+ 57. Ke1 g6 0-1

[Event "Niedersachsen-ch U12 Girls"]
[Site "Borkum"]
[Date "2004.04.06"]
[Round "5"]
[White "Baisakow, Christine"]
[Black "Maetzig, Lara Annabelle"]
[Result "0-1"]
[WhiteElo "994"]
[BlackElo "1107"]
[PlyCount "66"]
[EventDate "2004.04.??"]
[EventType "swiss"]
[EventRounds "9"]
[EventCountry "GER"]
[SourceTitle "EXT 2005"]
[Source "ChessBase"]
[SourceDate "2004.11.15"]
[SourceVersion "1"]
[SourceVersionDate "2004.11.15"]
[SourceQuality "1"]

1. e4 e5 2. Nf3 Nc6 3. Bc4 Bc5 4. c3 Nf6 5. d3 h6 6. b4 Bb6 7. a4 a5 8. b5 Ne7 9. Nxe5 0-0 10. Qb3 d5 11. exd5 Nexd5 12. 0-0 Be6 13. Nd2 Re8 14. Ba3 Rc8 15. Rfe1 c6 16. Ndf3 Bc7 17. bxc6 Bxe5 18. Nxe5 bxc6 19. Bxd5 Bxd5 20. c4 Be6 21. Bc5 Rb8 22. Qc3 Qc7 23. h3 Bf5 24. Re2 Rbd8 25. Rd1 Nd7 26. Nxd7 Qxd7 27. Rxe8+ Rxe8 28. Qxa5 Re6 29. Qb6 Rg6 30. Qb8+ Kh7 31. g4 Bxg4 32. hxg4 Qxg4+ 33. Kf1 Qxd1# 0-1

[Event "GER-ch U10"]
[Site "Winterberg"]
[Date "2002.05.23"]
[Round "9"]
[White "Maetzig, Lara Annabelle"]
[Black "Loew, David"]
[Result "0-1"]
[WhiteElo "695"]
[BlackElo "1007"]
[PlyCount "172"]
[EventDate "2002.05.19"]
[EventType "swiss"]
[EventRounds "11"]
[EventCountry "GER"]
[SourceTitle "CBM 088 Extra"]
[Source "ChessBase"]
[SourceDate "2002.07.01"]
[SourceVersion "2"]
[SourceVersionDate "2002.07.01"]
[SourceQuality "1"]

1. e4 e5 2. Nf3 Nc6 3. Bc4 h6 4. Nc3 Nf6 5. d3 Bb4 6. 0-0 0-0 7. Bd2 d6 8. h3 a6 9. a4 Re8 10. Re1 Be6 11. Bb3 Bc5 12. Nh4 Nh7 13. Nf3 Bd4 14. Nxd4 Nxd4 15. Bxe6 Rxe6 16. Rc1 Qf6 17. Rf1 Qg6 18. Be3 Nc6 19. Nd5 Rc8 20. Qf3 Ne7 21. Nc3 Rf6 22. Qe2 Ng5 23. Qg4 Ne6 24. Qxg6 Rxg6 25. Rcd1 Rf8 26. Rfe1 f5 27. Kf1 f4 28. Bd2 Nd4 29. Rc1 c6 30. b3 Rff6 31. h4 Rg4 32. h5 Rh4 33. f3 Rxh5 34. Kf2 Rg5 35. Rg1 Rg3 36. a5 Ng6 37. Ne2 Nxe2 38. Kxe2 Ne7 39. Rcf1 c5 40. c4 Nc6 41. Bc3 Rf8 42. Rf2 Rb8 43. Ra1 Rg6 44. Kd2 Kf7 45. Ra3 Ke7 46. Kc2 Kd7 47. Kb2 Kc7 48. Ra2 Rf6 49. Rf1 Rg8 50. Rfa1 g5 51. Rg1 Rfg6 52. g3 Na7 53. g4 Rh8 54. Rh1 Rg7 55. Ra4 Rgh7 56. b4 Nc6 57. b5 h5 58. gxh5 Rxh5 59. Rxh5 Rxh5 60. Ra1 Rh2+ 61. Kb3 Rh3 62. Rf1 Kd7 63. bxa6 bxa6 64. Ka4 Rh2 65. Ka3 Ne7 66. Ka4 Rc2 67. Kb3 Rh2 68. Ka3 Ke6 69. Kb3 Ng6 70. Ka3 Rh3 71. Rf2 Nh4 72. Kb2 Nxf3 73. Kc2 g4 74. Kd1 Rh1+ 75. Ke2 Ng1+ 76. Kd2 Nh3 77. Rg2 g3 78. Ke2 Ng5 79. Be1 f3+ 80. Ke3 fxg2 81. Bxg3 g1Q+ 82. Ke2 Qxg3 83. Kd2 Rh3 84. Kc2 Qxd3+ 85. Kb2 Rh2+ 86. Kc1 Qf1# 0-1